| 000 -CABECERA |
| fixed length control field |
01933nam a22002777i 4500 |
| 003 - IDENTIFICADOR DEL NÚMERO DE CONTROL |
| control field |
AR-CdUCM |
| 008 - DATOS DE LONGITUD FIJA--INFORMACIÓN GENERAL |
| fixed length control field |
240521b20222022 pe||||| |||| 00| 0 spa d |
| 020 ## - NÚMERO INTERNACIONAL ESTÁNDAR DEL LIBRO |
| ISBN |
978-612-49142-6-3 |
| 040 ## - FUENTE DE LA CATALOGACIÓN |
| Agencia/entidad que catalogó originalmente la obra |
MUNICIPALIDAD PROVINCIAL DEL CUSCO |
| Entidad que transcribió la catalogación |
BIBLIOTECA MUNICIPAL DEL CUSCO |
| 082 ## - NÚMERO DE LA CLASIFICACIÓN DECIMAL DEWEY |
| No. de Clasificación |
985.04 / V2 |
| Notacion interna |
V2 |
| 100 ## - ENTRADA PRINCIPAL--NOMBRE DE PERSONA |
| Nombre Personal |
Delgado, Yizza. |
| 245 ## - MENCIÓN DE TÍTULO |
| Título |
Voces y documentos para repensar la Independencia y el establecimiento de la República / |
| 260 ## - PUBLICACIÓN, DISTRIBUCIÓN, ETC. |
| Lugar de publicación, distribución, etc. |
Lima : |
| Nombre de la editorial, distribuidor, etc. |
Ministerio de Cultura del Perú, |
| -- |
Proyecto Especial Bicentenario de la Independencia del Perú, |
| Fecha de publicación, distribución, etc. |
2022 |
| 300 ## - DESCRIPCIÓN FÍSICA |
| Nº de Páginas Extensión |
384 páginas. : |
| Dimensiones |
20 cm |
| 505 ## - NOTA DE CONTENIDO CON FORMATO |
| Nota de contenido formateada |
Cronología de la independencia del Perú: 1742-1826 -- Documentos sobre la Revolución de Túpac Amaru II -- Prospecto de El Mercurio Peruano -- Carta dirigida por Juan Pablo Vizcardo y Guzmán a los Españoles Americanos -- Tratado entre Chile y Argentina para liberar al Perú -- Informes de autoridades realistas del sur andino sobre la llegada de San Martin al Perú -- Correspondencia de la independencia -- Documentos relativos a la independencia de Trujillo -- Captura del guerrillero peruano Francisco Quirós -- El Perú en 1823 -- Correspondencia entre el virrey José De La Serna y el Presidente Riva Agüero -- Bolívar en el Perú -- Cartas de José Faustino Sánchez Carrión en favor del gobierno republicano -- Victoria de Ayacucho -- Acta de independencia del Cusco |
| 650 ## - PUNTO DE ACCESO ADICIONAL DE MATERIA--TÉRMINO DE MATERIA |
| Descriptor |
Cronología de la independencia del Perú: 1742-1826 |
| 9 (RLIN) |
49885 |
| 650 ## - PUNTO DE ACCESO ADICIONAL DE MATERIA--TÉRMINO DE MATERIA |
| Descriptor |
Documentos sobre la Revolución de Túpac Amaru II |
| 9 (RLIN) |
49886 |
| 650 ## - PUNTO DE ACCESO ADICIONAL DE MATERIA--TÉRMINO DE MATERIA |
| Descriptor |
Prospecto de El Mercurio Peruano |
| 9 (RLIN) |
49887 |
| 650 ## - PUNTO DE ACCESO ADICIONAL DE MATERIA--TÉRMINO DE MATERIA |
| Descriptor |
Carta dirigida por Juan Pablo Vizcardo y Guzmán a los Españoles Americanos |
| 9 (RLIN) |
49888 |
| 650 ## - PUNTO DE ACCESO ADICIONAL DE MATERIA--TÉRMINO DE MATERIA |
| Descriptor |
Emancipación, 1808-1824 |
| 9 (RLIN) |
3036 |
| 700 ## - PUNTO DE ACCESO ADICIONAL--NOMBRE DE PERSONA |
| Nombre Personal |
McEvoy, Carmen. |
| 9 (RLIN) |
49889 |
| 700 ## - PUNTO DE ACCESO ADICIONAL--NOMBRE DE PERSONA |
| Nombre Personal |
Montoya, Gustavo. |
| 9 (RLIN) |
49890 |
| 856 ## - LOCALIZACIÓN Y ACCESO ELECTRÓNICOS |
| Dirección electrónica |
www.bicentenario.gob.pe/biblioteca |
| 942 ## - ELEMENTOS DE PUNTO DE ACCESO ADICIONAL (KOHA) |
| Fuente de clasificación |
|
| Tipo de item |
Libros-BMC |
| 945 ## - PROCESAMIENTO DE INFORMACIÓN LOCAL (OCLC) |
| Catalogador |
pbj |
| AAAA-MM-DD - Fecha de ingreso o modificacion |
2024-05-21 |